Devinez la Capitale Mystère #138 - Statistiques

Statistiques générales
  • Ce quiz a été pris 85 fois
  • Le résultat moyen est 31 sur 38
Statistiques - réponses
Type de Réponse Réponse % Correct
Lettre de l'Alphabet A
100%
Lettre Trouvée O
100%
Lettre de l'Alphabet I
99%
Lettre de l'Alphabet N
99%
Lettre Trouvée R
99%
Lettre Trouvée S
99%
Lettre Trouvée E
97%
Lettre Trouvée P
97%
Lettre de l'Alphabet L
94%
Lettre Bien Placée O
94%
Lettre Bien Placée P
94%
Lettre Bien Placée R
94%
Lettre Trouvée T
93%
Lettre de l'Alphabet U
91%
Lettre Trouvée B
90%
Lettre de l'Alphabet D
87%
Lettre de l'Alphabet G
87%
Lettre de l'Alphabet C
84%
Lettre Trouvée M
84%
Lettre Bien Placée T
84%
Lettre de l'Alphabet H
81%
Lettre de l'Alphabet W
79%
Lettre de l'Alphabet K
77%
Lettre de l'Alphabet V
74%
Lettre Bien Placée S
71%
Lettre Bien Placée O
70%
Lettre Bien Placée E
69%
Lettre Trouvée Y
69%
Lettre de l'Alphabet X
67%
Lettre de l'Alphabet J
66%
Lettre Bien Placée R
61%
Lettre de l'Alphabet Z
61%
Lettre de l'Alphabet F
59%
Lettre Bien Placée M
57%
Lettre de l'Alphabet Q
57%
Lettre Bien Placée B
56%
Capitale Mystère Port Moresby
56%
Lettre Bien Placée Y
56%
Aucun quiz correspondant
Distribution des résultats
% des personnes avec chaque résultat
Percentile par nombre de réponses
Votre historique - résultats
Vous n’avez pas pris ce quiz